Understanding computer networks

Αποθηκεύτηκε σε:
Λεπτομέρειες βιβλιογραφικής εγγραφής
Συγγραφή απο Οργανισμό/Αρχή: Apple Computer, Inc
Μορφή: Βιβλίο
Γλώσσα:English
Δημοσίευση: Reading, Mass. : Addison-Wesley Pub. Co., c1989
Θέματα:
Ετικέτες: Προσθήκη ετικέτας
Δεν υπάρχουν, Καταχωρήστε ετικέτα πρώτοι!

MARC

LEADER 00000nam a2200000 i 4500
001 1/39657
008 971017s1989 eng d
020 |a 0201197731 
035 |l 10041063 
035 |a 1997  |c ΔΩΡΕΑ ΤΖΑΦΕΡΗ 
040 |a GR-MY-UA  |b gre  |e aacr 
041 0 |a eng 
082 0 |a 004.6 
245 1 0 |a Understanding computer networks /  |c by Apple Computer, Inc 
260 |a Reading, Mass. :   |b Addison-Wesley Pub. Co.,   |c c1989 
300 |a xi, 78 p.;  |b col. ill.;  |c 21 cm. 
650 0 0 |a Computer networks. 
710 2 |a Apple Computer, Inc. 
852 |a INST  |b SAMOS  |e 19971017  |h 004.6 UND  |p 005300008713  |q 005300008713  |t BK  |y 0 
901 |a BIBL-1997-2 
909 |a Σ  |b 050559